| 000 | 00525nam a2200181Ia 4500 | ||
|---|---|---|---|
| 005 | 20250326144346.0 | ||
| 008 | 250326s9999 xx 000 0 und d | ||
| 037 | _aTextbook | ||
| 040 |
_aFMSL _beng _cFMSL |
||
| 041 |
_aeng _2eng |
||
| 084 |
_aX:89zB P8 _qFMSL |
||
| 100 |
_aMurthy N L _9262356 |
||
| 245 | 0 |
_aEnvironmental concerns of economic development _cMurthy N L And Others |
|
| 260 |
_aNew Delhi _bNew Delhi, Serials _c2008 |
||
| 365 | _b1295 | ||
| 942 |
_cTB _hX:89zB P8 |
||
| 999 |
_c1303427 _d1303427 |
||